000 00549nam a22001695i 4500
001 164116
003 ES-MaACL
005 20251015063144.0
008 011023s1891 sp |||| | spa d
040 _aCAM
_bspa
_cCAM
100 1 _aRueda, Salvador,
_d1857-1933
_9100515
245 1 3 _aEl secreto
_b: poema escénico /
_cSalvador Rueda.
260 _aMadrid :
_b[s.n.],
_c1891 (
_ftipografía de Manuel G. Hernández)
300 _a129 p. ;
_c18 cm.
852 _aES-MaACL
_jF-10865(3)
_z-- Enc. pasta española
999 _c164116
_d164116